El contrato de opción
I tiakina i:
| Kaituhi matua: | |
|---|---|
| Hōputu: | Pukapuka |
| Reo: | Pāniora |
| I whakaputaina: |
Barcelona
José María Bosch
1996
|
| Rangatū: | Biblioteca de Derecho Privado, 71
|
| Ngā marau: | |
| Ngā Tūtohu: |
Tāpirihia he Tūtohu
Kāore He Tūtohu, Me noho koe te mea tuatahi ki te tūtohu i tēnei pūkete!
|
MARC
| LEADER | 00000nam a2200000 a 4500 | ||
|---|---|---|---|
| 001 | UCP4209 | ||
| 003 | CL-VaPUC | ||
| 008 | 990724e19960000SP |||||||||||||||||spa|d | ||
| 082 | 0 | 4 | |a 346.02 |b TAL |2 21 |
| 100 | 0 | |a Talma Charles, Javier |e author |9 431691 | |
| 245 | 1 | 3 | |a El contrato de opción |
| 300 | |a 405 p | ||
| 942 | |c BK | ||
| 945 | |d 19990724 00:00:00 |a vberengu | ||
| 260 | |a Barcelona |b José María Bosch |c 1996 | ||
| 650 | 0 | |a Contratos |9 255153 | |
| 650 | 0 | |a Responsabilidad |9 308399 | |
| 650 | 7 | |a OPCION |2 CL-VaPUC |9 385305 | |
| 650 | 0 | |a Obligaciones |9 255578 | |
| 650 | 0 | |a Incumplimiento |9 430715 | |
| 583 | |a last modification |c 19990724 00:00:00 |k Rodrigo Vera | ||
| 490 | 0 | |a Biblioteca de Derecho Privado, 71 | |
| 999 | |c 282257 |d 282255 | ||
| 952 | |0 0 |1 0 |4 0 |6 346_020000000000000_TAL_1996 |7 0 |8 A |9 323830 |a BIBDER |b BIBDER |d 2019-11-20 |i 3489183 |o 346.02 TAL 1996 |p 3489183 |r 2023-01-25 |w 2019-11-20 |y BK |k DER | ||